Normal view
MARC view
Entry Topical Term
001 - CONTROL NUMBER
- control field: 8865
003 - CONTROL NUMBER IDENTIFIER
- control field: ARRUPE
005 - DATE AND TIME OF LATEST TRANSACTION
- control field: 20140221132108.0
008 - FIXED-LENGTH DATA ELEMENTS
- fixed length control field: 140221|| aca||aabn | a|a d
040 ## - CATALOGING SOURCE
- Original cataloging agency: ARRUPE
- Transcribing agency: ARRUPE
150 ## - HEADING--TOPICAL TERM
- Topical term or geographic name as entry element: Jesuits in Congo
- General subdivision: History
670 ## - SOURCE DATA FOUND
- Source citation: Work cat.: (ARRUPE): Journeer Philosophiques canisius 8864, Jesuites En Afrique Centrate Et Formation Integrale De L'homme, 2011